00646nam a2200217Ia 4500008004100000041001200041082001000053082001100063100001800074100001100092245006000103260001200163260003100175260000900206300001500215365002500230650002100255942000700276999001900283952012600302150901s9999 xx 000 0 und d aEnglish a581.1 bPUR/HO aPurohit S S  eEditor aHormonal regulation of plant growth and development V 5 aBikaner bAgro Botanical Publishers c1990 a176 Pages aRs.275.00  aPlant physiology cBK c238672d238672 00104070aKAUCOAbKAUCOAd2022-03-03g275.00l0o581.1 PUR/HOpKAU-COA-23050 r2015-09-16 00:00:00w2015-09-16yBK